Best NBA Regular Season Records - Statistics

General Stats
  • This quiz has been taken 548 times
  • The average score is 15 of 51
Answer Stats
Season Team Record Team % Correct
2015-16 73-9 Golden State Warriors
100%
1995-96 72-10 Chicago Bulls
98%
1971-72 69-13 Los Angeles Lakers
86%
1996-97 69-13 Chicago Bulls
75%
1991-92 67-15 Chicago Bulls
52%
1999-00 67-15 Los Angeles Lakers
52%
1972-73 68-14 Boston Celtics
51%
1985-86 67-15 Boston Celtics
49%
2015-16 67-15 San Antonio Spurs
49%
2014-15 67-15 Golden State Warriors
43%
1966-67 68-13 Philadelphia 76ers
41%
2007-08 66-16 Boston Celtics
37%
2012-13 66-16 Miami Heat
35%
2008-09 65-17 Los Angeles Lakers
34%
1986-87 65-17 Los Angeles Lakers
33%
2006-07 67-15 Dallas Mavericks
32%
1959-60 59-16 Boston Celtics
26%
1982-83 65-17 Philadelphia 76ers
25%
1996-97 64-18 Utah Jazz
25%
1981-82 63-19 Boston Celtics
24%
1984-85 63-19 Boston Celtics
24%
1970-71 66-16 Milwaukee Bucks
24%
1964-65 62-18 Boston Celtics
23%
1989-90 63-19 Los Angeles Lakers
23%
1988-89 63-19 Detroit Pistons
21%
*1995-96 64-18 Seattle Supersonics
21%
1980-81 62-20 Boston Celtics
20%
2011-12 50-16 Chicago Bulls
20%
2005-06 64-18 Detroit Pistons
20%
2005-06 63-19 San Antonio Spurs
20%
2011-12 50-16 San Antonio Spurs
20%
1983-84 62-20 Boston Celtics
19%
1997-98 62-20 Chicago Bulls
19%
2008-09 66-16 Cleveland Cavaliers
19%
1984-85 62-20 Los Angeles Lakers
19%
1985-86 62-20 Los Angeles Lakers
18%
1987-88 62-20 Los Angeles Lakers
18%
1980-81 62-20 Philadelphia 76ers
18%
2013-14 62-20 San Antonio Spurs
18%
1997-98 62-20 Utah Jazz
18%
2008-09 62-20 Boston Celtics
16%
1971-72 63-19 Milwaukee Bucks
16%
1990-91 63-19 Portland Trail Blazers
14%
*1993-94 63-19 Seattle Supersonics
14%
1992-93 62-20 Phoenix Suns
13%
*1949-50 51-13 Syracuse Nationals
13%
1994-95 62-20 San Antonio Spurs
12%
1967-68 62-20 Philadelphia 76ers
11%
2010-11 62-20 Chicago Bulls
10%
2004-05 62-20 Phoenix Suns
9%
*1946-47 49-11 Washington Capitols
6%
No matching quizzes found
Score Distribution
Percent of People with Each Score
Percentile by Number Answered
Your Score History
You have not taken this quiz